000 00880cam a22002411 4500
001 rc 01001578
003 DLC
005 20260227111904.0
007 cr_|||||||||||
008 760913s1881 ohuac 000 0 eng
010 _arc 01001578
035 _a(OCoLC)2428311
040 _aDLC
_cDeU
_dOCoLC
_dDLC
042 _apremarc
050 0 0 _aF595
_b.R77
100 1 _aRomspert, George W.
245 1 4 _aThe western echo:
_ba description of the western states and territories of the United States. As gathered in a tour by wagon.
_cBy George W. Romspert.
260 _aDayton, O.,
_bUnited Brethren Publishing House,
_c1881.
300 _a406 p. incl. front. (port.) illus.
_c19 cm.
530 _aAlso available in digital form on the Internet Archive Web site.
651 0 _aWest (U.S.)
_xDescription and travel.
856 4 1 _uhttp://hdl.loc.gov/loc.gdc/scd0001.00147543542
999 _c52129
_d52129